000 00741nam a2200277Ia 4500
005 20260324112657.0
008 008 260324s9999 xx 000 0 eng d
020 _a9781003385615
037 _aEBOOK
040 _aCRL
040 _beng
040 _cCRL
041 _2eng
041 _aeng
084 _qCRL
100 _aEsteban Tlelo-Cuautle; Jose Martinez-Carranza; Everardo Inzunza-Gonzalez; Enrique Efren Garcia-Guerrero
_91143692
245 0 _aMachine Learning for Complex and Unmanned Systems
260 _bTaylor and Francis
260 _c2024
365 _a
365 _b240
856 _uhttp://www.taylorfrancis.com/books/9781003385615
942 _cEBOOK
999 _c1732986
_d1732986